[Event "Rodovremesterskabet Gruppe B 2005"]
[Site "Rodovre"]
[Date "2005.09.06"]
[Round "1"]
[White "Alic, Ohran"]
[Black "Hovhannes, Tutundjan"]
[Result "1-0"]
[WhiteElo "1582"]
[BlackElo "1544"]
[PlyCount "51"]
[EventDate "2005.??.??"]
[SourceDate "2005.09.07"]

1. e4 c5 2. Nf3 d6 3. Bc4 e6 4. O-O Nf6 5. d3 Be7 6. e5 Nfd7 7. exd6 Bxd6 8.
Nc3 a6 9. Ne4 Be7 10. a4 b6 11. d4 Bb7 12. Re1 Qc7 13. d5 exd5 14. Bxd5 O-O 15.
Bf4 Qxf4 16. Bxb7 Ra7 17. Bd5 Nf6 18. c4 Rd7 19. Nxf6+ Bxf6 20. Qc2 Rfd8 21.
Re4 Qc7 22. Rae1 Re7 23. Rxe7 Bxe7 24. Ne5 Rf8 25. Qf5 Bf6 26. Nxf7 1-0

[Event "Rodovremesterskabet Gruppe B 2005"]
[Site "Rodovre"]
[Date "2005.09.06"]
[Round "1"]
[White "Helleshoj, Knud Erik"]
[Black "Henriksen, Franz"]
[Result "0-1"]
[WhiteElo "1508"]
[BlackElo "1500"]
[PlyCount "58"]
[EventDate "2005.??.??"]
[SourceDate "2005.09.07"]

1. e4 e5 2. Nf3 Nc6 3. d4 exd4 4. c3 dxc3 5. Nxc3 Bb4 6. Bc4 Bxc3+ 7. bxc3 Qf6
8. O-O h6 9. e5 Qe7 10. a4 Na5 11. Ba3 c5 12. Ba2 b6 13. Nd4 Bb7 14. Nb5 Kf8
15. Nd6 Bc6 16. Nxf7 Rh7 17. Qd3 g6 18. Qxg6 Rg7 19. Qxg7+ Kxg7 20. Nd6 Qxe5
21. Rad1 Bxa4 22. Rd2 Nb3 23. Nc4 Qg5 24. Rd6 Qf4 25. Bxb3 Bxb3 26. Rxd7+ Kh8
27. Ne3 Nf6 28. Rd2 Ng4 29. Nxg4 Qxd2 0-1

[Event "Rodovremesterskabet Gruppe B 2005"]
[Site "Rodovre"]
[Date "2005.10.20"]
[Round "1"]
[White "Wisal, Zoran"]
[Black "Rohder, Bjarne"]
[Result "1-0"]
[WhiteElo "1513"]
[BlackElo "1465"]
[PlyCount "33"]
[EventDate "2005.??.??"]
[SourceDate "2005.09.07"]

1. e4 c5 2. Nc3 d6 3. Nf3 Nc6 4. d4 cxd4 5. Nxd4 e5 6. Nf3 Be7 7. Nd5 Nf6 8.
Nxe7 Qxe7 9. Bg5 O-O 10. Qd2 Be6 11. Bxf6 gxf6 12. Bd3 Rad8 13. O-O Bg4 14. Nh4
Kh8 15. h3 Be6 16. Nf5 Rg8 17. Nxe7 1-0

[Event "Rodovremesterskabet Gruppe B 2005"]
[Site "Rodovre"]
[Date "2005.10.20"]
[Round "1"]
[White "Hansen, Ernst Mader"]
[Black "Thrane, Jens"]
[Result "1/2-1/2"]
[WhiteElo "1508"]
[BlackElo "1468"]
[PlyCount "84"]
[EventDate "2005.??.??"]
[SourceDate "2005.09.07"]

1. e4 c5 2. Nf3 d6 3. d4 cxd4 4. Qxd4 Nc6 5. Bb5 Bd7 6. Bxc6 Bxc6 7. Nc3 Nf6 8.
Bg5 Nd7 9. O-O-O Nc5 10. Rhe1 Ne6 11. Qd2 Nxg5 12. Nxg5 h6 13. Nh3 e6 14. Kb1
Qa5 15. Qe3 Rd8 16. Nf4 Be7 17. g3 O-O 18. Nd3 Bf6 19. e5 dxe5 20. Nxe5 Rc8 21.
f4 Rfd8 22. Nxc6 Rxd1+ 23. Rxd1 Rxc6 24. Ne4 Bd8 25. Qd3 Be7 26. Qd7 Rc7 27.
Qe8+ Kh7 28. Qxf7 Qa4 29. Nc3 Qc6 30. Qh5 Bf6 31. Qe2 Bxc3 32. Qd3+ Kg8 33.
bxc3 Kf7 34. Kb2 Qb6+ 35. Ka1 Qc5 36. Kb2 Qb6+ 37. Ka1 Qc5 38. Kb2 a6 39. g4
Qb6+ 40. Ka1 Qc6 41. Kb2 Qb6+ 42. Ka1 Qc6 1/2-1/2

[Event "Rodovremesterskabet Gruppe B 2005"]
[Site "Rodovre"]
[Date "2005.09.13"]
[Round "2"]
[White "Helleshoj, Knud Erik"]
[Black "Hansen, Ernst Mader"]
[Result "1-0"]
[WhiteElo "1508"]
[BlackElo "1508"]
[PlyCount "71"]
[EventDate "2005.??.??"]
[SourceDate "2005.09.07"]

1. e4 d5 2. exd5 Qxd5 3. Nc3 Qa5 4. d3 Nf6 5. g3 Bd7 6. Bg2 Bc6 7. Nf3 e6 8.
O-O Be7 9. a3 O-O 10. Be3 Nbd7 11. b4 Qh5 12. Nd4 Bxg2 13. Qxh5 Nxh5 14. Kxg2
a6 15. Ne4 h6 16. c4 c5 17. bxc5 Nxc5 18. Nxc5 Bxc5 19. Nxe6 Bxe3 20. Nxf8 Bd4
21. Rab1 Kxf8 22. Rxb7 Nf6 23. Rfb1 Ng4 24. Rb8+ Rxb8 25. Rxb8+ Ke7 26. Rb7+
Kf6 27. f3 Ne3+ 28. Kh3 Nc2 29. Rd7 Bc5 30. a4 Ke6 31. Rc7 Bd6 32. Ra7 Nb4 33.
d4 Kf6 34. Rb7 Be7 35. c5 a5 36. c6 1-0

[Event "Rodovremesterskabet Gruppe B 2005"]
[Site "Rodovre"]
[Date "2005.09.13"]
[Round "2"]
[White "Henriksen, Franz"]
[Black "Rohder, Bjarne"]
[Result "0-1"]
[WhiteElo "1500"]
[BlackElo "1465"]
[PlyCount "71"]
[EventDate "2005.??.??"]
[SourceDate "2005.09.07"]

1. c4 c5 2. Nc3 Nc6 3. e4 e5 4. Nf3 Nf6 5. b3 Be7 6. Bb2 Nd4 7. Be2 d6 8. O-O
h5 9. h3 Nxf3+ 10. Bxf3 g5 11. Be2 Bxh3 12. gxh3 Qd7 13. Kg2 O-O-O 14. f3 Rdg8
15. Rh1 g4 16. fxg4 hxg4 17. h4 Nh5 18. Nd5 Nf6 19. Nxe7+ Qxe7 20. d3 Qd7 21.
Bc1 Nh5 22. Bg5 f6 23. Bxg4 Nf4+ 24. Kf3 Ne6 25. Bxe6 Qxe6 26. Qd2 fxg5 27.
hxg5 Rh3+ 28. Rxh3 Qxh3+ 29. Ke2 Qg4+ 30. Ke1 Qg1+ 31. Ke2 Qxa1 32. Qe3 Qxa2+
33. Kf3 Rf8+ 34. Kg4 Qh2 35. g6 Rf4+ 36. Qxf4 0-1

[Event "Rodovremesterskabet Gruppe B 2005"]
[Site "Rodovre"]
[Date "2005.09.13"]
[Round "2"]
[White "Hovhannes, Tutundjan"]
[Black "Wisal, Zoran"]
[Result "0-1"]
[WhiteElo "1544"]
[BlackElo "1513"]
[PlyCount "96"]
[EventDate "2005.??.??"]
[SourceDate "2005.09.07"]

1. d4 d5 2. c4 dxc4 3. e3 b6 4. Bxc4 Bb7 5. Nf3 e6 6. Nc3 Nf6 7. Qc2 Be7 8. h3
O-O 9. Bd2 Nc6 10. a3 h6 11. O-O-O Na5 12. Bd3 c5 13. Rhg1 c4 14. Be2 Rc8 15.
Kb1 a6 16. Ne5 Bd6 17. f4 Bxe5 18. fxe5 Nd5 19. Bf3 Nxc3+ 20. Bxc3 Bxf3 21.
gxf3 Nb7 22. Qg2 g6 23. f4 Rc7 24. Qg4 Kh7 25. h4 h5 26. Qf3 a5 27. Qh3 Rd7 28.
Rg5 b5 29. Qg2 Qe7 30. Qc2 b4 31. axb4 axb4 32. Be1 Rc7 33. Rxh5+ Kg7 34. Rg5
Rh8 35. Qg2 c3 36. Rc1 Na5 37. bxc3 bxc3 38. Rxc3 Rb8+ 39. Kc2 Nc4 40. Bd2 Rb2+
41. Kc1 Rxd2 42. Qa8 Qb4 43. Qa1 Ra7 44. Rxg6+ fxg6 45. Qxa7+ Kh6 46. Qa1 Rf2
47. Rd3 Rf1+ 48. Rd1 Qd2+ 0-1

[Event "Rodovremesterskabet Gruppe B 2005"]
[Site "Rodovre"]
[Date "2005.09.13"]
[Round "2"]
[White "Thrane, Jens"]
[Black "Alic, Ohran"]
[Result "0-1"]
[WhiteElo "1468"]
[BlackElo "1582"]
[PlyCount "106"]
[EventDate "2005.??.??"]
[SourceDate "2005.09.07"]

1. d4 d5 2. c4 c6 3. Nc3 Nf6 4. f3 g6 5. e4 dxe4 6. fxe4 Bg7 7. h3 e5 8. d5 O-O
9. Bd3 cxd5 10. exd5 Re8 11. Nge2 e4 12. Bc2 b5 13. Nxb5 Ba6 14. Ba4 Nbd7 15.
Nd6 Re7 16. Be3 Ne5 17. c5 Nd3+ 18. Kf1 Nxb2 19. Qc2 Nxa4 20. Qxa4 Bxe2+ 21.
Kxe2 Nxd5 22. Bd4 Nf4+ 23. Kf1 Nd3 24. Bxg7 Kxg7 25. Nxe4 Nb2 26. Qc2 Qd3+ 27.
Qxd3 Nxd3 28. Rd1 Rxe4 29. Rxd3 Rc4 30. Rd5 Rc1+ 31. Ke2 Rxh1 32. Kd2 Rc8 33.
Kc3 Rh2 34. Rg5 h6 35. Rd5 Rxg2 36. a4 Rg3+ 37. Kb4 Rxh3 38. Kb5 Rh5 39. Kc4
Rxd5 40. Kxd5 h5 41. c6 h4 42. Kd6 h3 43. Kd7 Rxc6 44. Kxc6 h2 45. Kb7 a5 46.
Ka6 h1=Q 47. Kxa5 Qa8+ 48. Kb5 Kf6 49. a5 Ke6 50. Kb6 Kd6 51. a6 Qb8+ 52. Ka5
Kc5 53. Ka4 Qb4# 0-1

[Event "Rodovremesterskabet Gruppe B 2005"]
[Site "Rodovre"]
[Date "2005.09.20"]
[Round "3"]
[White "Alic, Ohran"]
[Black "Helleshoj, Knud Erik"]
[Result "0-1"]
[WhiteElo "1582"]
[BlackElo "1508"]
[PlyCount "130"]
[EventDate "2005.??.??"]
[SourceDate "2005.09.07"]

1. e4 c5 2. Nf3 Nc6 3. Bc4 d6 4. d3 g6 5. O-O Bg7 6. c3 Nf6 7. Re1 O-O 8. h3 a6
9. a4 Bd7 10. d4 cxd4 11. cxd4 b5 12. axb5 axb5 13. Rxa8 Qxa8 14. Bxb5 Qb7 15.
Nc3 Nb4 16. Bxd7 Nxd7 17. e5 dxe5 18. dxe5 e6 19. Qb3 Nc5 20. Qc4 Rc8 21. Qb5
Qxb5 22. Nxb5 Ncd3 23. Bd2 Nxe1 24. Nxe1 Nc6 25. f4 Rb8 26. Na3 Rxb2 27. Nec2
Bf8 28. Bc3 Bxa3 29. Bxb2 Bxb2 30. Kf2 Nd4 31. Ne1 Nf5 32. Nd3 Bd4+ 33. Kf3 Kf8
34. g4 Ne7 35. Ke4 Bg1 36. Nb4 Bh2 37. Nd3 Ke8 38. Kf3 Nd5 39. Ke4 Kd7 40. f5
Nc3+ 41. Kd4 Ne2+ 42. Ke4 g5 43. Nc5+ Ke7 44. fxe6 fxe6 45. Nd3 Nf4 46. Nf2 Kd7
47. Kf3 Ng6 48. Ne4 h6 49. Nf6+ Ke7 50. Ng8+ Kf7 51. Nxh6+ Kg7 52. Nf5+ exf5
53. gxf5 Nxe5+ 54. Kg2 Bf4 55. Kf2 Kf6 56. Kg2 Kxf5 57. Kf2 Ke4 58. Kg2 Ke3 59.
h4 g4 60. h5 Nf7 61. Kh1 Nh6 62. Kg2 g3 63. Kf1 Kf3 64. Kg1 Be3+ 65. Kh1 g2+
0-1

[Event "Rodovremesterskabet Gruppe B 2005"]
[Site "Rodovre"]
[Date "2005.09.20"]
[Round "3"]
[White "Hansen, Ernst Mader"]
[Black "Henriksen, Franz"]
[Result "0-1"]
[WhiteElo "1508"]
[BlackElo "1500"]
[PlyCount "92"]
[EventDate "2005.??.??"]
[SourceDate "2005.09.07"]

1. e4 d5 2. e5 Nc6 3. d4 Bf5 4. Nf3 e6 5. Bb5 Nge7 6. O-O h6 7. c3 a6 8. Ba4 b5
9. Bc2 Bxc2 10. Qxc2 Na5 11. b3 Nf5 12. Rd1 Rc8 13. Qe2 c5 14. Ba3 b4 15. Bb2
c4 16. cxb4 Bxb4 17. bxc4 Nxc4 18. Bc3 a5 19. Bxb4 axb4 20. Nbd2 O-O 21. Nb3
Qb6 22. h3 Rc7 23. g4 Ne7 24. Kg2 g5 25. h4 Ng6 26. Kg3 gxh4+ 27. Nxh4 Nxh4 28.
Kxh4 f5 29. Nc5 Rg7 30. Rg1 Qd8+ 31. Kh3 Qe8 32. gxf5 Rxf5 33. Rxg7+ Kxg7 34.
Rg1+ Kh7 35. Kg2 Qf7 36. Kf1 Rf4 37. Qc2+ Re4 38. Nxe4 Ne3+ 39. Ke2 Nxc2 40.
Nf6+ Kh8 41. Kd3 Na3 42. Kd2 Nb5 43. Kd3 Nc3 44. Kc2 Nxa2 45. Kb3 Nc3 46. Kxb4
Ne4 0-1

[Event "Rodovremesterskabet Gruppe B 2005"]
[Site "Rodovre"]
[Date "2005.09.20"]
[Round "3"]
[White "Rohder, Bjarne"]
[Black "Hovhannes, Tutundjan"]
[Result "1-0"]
[WhiteElo "1465"]
[BlackElo "1544"]
[PlyCount "77"]
[EventDate "2005.??.??"]
[SourceDate "2005.09.07"]

1. e4 c5 2. c4 e5 3. Nc3 Nf6 4. f4 d6 5. d3 Bd7 6. Nf3 Nc6 7. fxe5 dxe5 8. Be2
h6 9. O-O g5 10. Nd5 Bg7 11. Nxg5 hxg5 12. Bxg5 Be6 13. Nxf6+ Bxf6 14. Bxf6
Qd4+ 15. Kh1 Rh7 16. Bg4 Qd7 17. Bxe6 Qxe6 18. Qe1 Kd7 19. Qg3 Rh6 20. Qg5 Rg6
21. Qf5 Rxf6 22. Qxf6 Nd8 23. h4 Qxf6 24. Rxf6 Ke7 25. Raf1 Rc8 26. g4 Rc6 27.
g5 Kf8 28. Kh2 Kg7 29. Kh3 Ne6 30. Rxf7+ Kg8 31. R1f6 Nf4+ 32. Kg4 Rxf6 33.
Rxf6 Nxd3 34. h5 Nxb2 35. Kf5 Nxc4 36. Kg6 Nb6 37. h6 Nd7 38. h7+ Kh8 39. Rf7
1-0

[Event "Rodovremesterskabet Gruppe B 2005"]
[Site "Rodovre"]
[Date "2005.09.05"]
[Round "3"]
[White "Wisal, Zoran"]
[Black "Thrane, Jens"]
[Result "0-1"]
[WhiteElo "1513"]
[BlackElo "1468"]
[PlyCount "60"]
[EventDate "2005.??.??"]
[SourceDate "2005.09.07"]

1. e4 c5 2. Nf3 d6 3. d4 cxd4 4. Nxd4 Nc6 5. b3 Nf6 6. Nxc6 bxc6 7. e5 Qa5+ 8.
c3 Qxe5+ 9. Be3 g6 10. Be2 c5 11. Bf3 Rb8 12. O-O Bf5 13. Re1 Bxb1 14. Rxb1
Qxc3 15. Bg5 Bg7 16. Bc6+ Kf8 17. Rc1 Qa5 18. Rc2 Qc7 19. Bf3 Kg8 20. Rce2 e6
21. Bxf6 Bxf6 22. Rxe6 fxe6 23. Rxe6 Be5 24. Bd5 Kg7 25. g3 Rhe8 26. Rxe8 Rxe8
27. Qe2 Qe7 28. Qg4 Bd4 29. Kg2 Rf8 30. f4 Qe1 0-1

[Event "Rodovremesterskabet Gruppe B 2005"]
[Site "Rodovre"]
[Date "2005.09.27"]
[Round "4"]
[White "Hansen, Ernst Mader"]
[Black "Alic, Ohran"]
[Result "0-1"]
[WhiteElo "1508"]
[BlackElo "1582"]
[PlyCount "42"]
[EventDate "2005.??.??"]
[SourceDate "2005.09.07"]

1. e4 e5 2. Nf3 Nc6 3. Bc4 h6 4. O-O Nf6 5. d4 exd4 6. e5 d5 7. exf6 dxc4 8.
fxg7 Bxg7 9. Na3 Be6 10. Qe2 Qd5 11. Bf4 O-O-O 12. Nd2 d3 13. cxd3 cxd3 14. Qd1
Bxb2 15. Nac4 Bxa1 16. Qxa1 Rhg8 17. g3 Nd4 18. f3 Ne2+ 19. Kf2 Nxf4 20. gxf4
Bh3 21. Rc1 Rg2+ 0-1

[Event "Rodovremesterskabet Gruppe B 2005"]
[Site "Rodovre"]
[Date "2005.09.27"]
[Round "4"]
[White "Helleshoj, Knud Erik"]
[Black "Wisal, Zoran"]
[Result "1-0"]
[WhiteElo "1508"]
[BlackElo "1513"]
[PlyCount "81"]
[EventDate "2005.??.??"]
[SourceDate "2005.09.07"]

1. e4 e5 2. Nf3 d6 3. d4 exd4 4. c3 dxc3 5. Nxc3 Bd7 6. Bc4 h6 7. Qd5 Be6 8.
Qxb7 Nd7 9. Nd5 Rc8 10. Qxa7 Ngf6 11. Nxf6+ Nxf6 12. Qa4+ Bd7 13. Qb3 Qe7 14.
O-O g6 15. Re1 Ng4 16. Bb5 Bg7 17. Bxd7+ Qxd7 18. e5 dxe5 19. h3 Nxf2 20. Kxf2
O-O 21. Be3 Rfe8 22. Rad1 Qf5 23. Kg1 g5 24. Rf1 Qe6 25. Qxe6 Rxe6 26. Rd7 Rd6
27. Rd1 Rxd1+ 28. Rxd1 e4 29. Nd4 Rd8 30. Rd2 Bxd4 31. Rxd4 Rxd4 32. Bxd4 f5
33. a4 Kf7 34. a5 Ke6 35. a6 Kd5 36. Bg7 Kc6 37. b4 h5 38. Bh6 g4 39. hxg4 hxg4
40. Be3 g3 41. b5+ 1-0

[Event "Rodovremesterskabet Gruppe B 2005"]
[Site "Rodovre"]
[Date "2005.09.27"]
[Round "4"]
[White "Henriksen, Franz"]
[Black "Hovhannes, Tutundjan"]
[Result "1-0"]
[WhiteElo "1500"]
[BlackElo "1544"]
[PlyCount "57"]
[EventDate "2005.??.??"]
[SourceDate "2005.09.07"]

1. e4 c5 2. Nf3 d6 3. d4 cxd4 4. Nxd4 Nf6 5. Nc3 a6 6. Be3 e6 7. Be2 Be7 8. O-O
O-O 9. h3 Nbd7 10. a3 b5 11. b4 Bb7 12. Bd3 Ne5 13. f4 Nxd3 14. Qxd3 Qc7 15.
Rae1 Rac8 16. Bd2 Qc4 17. e5 Nd5 18. Nxd5 Qxd5 19. Re2 Rfd8 20. c3 dxe5 21.
fxe5 Rd7 22. Qe3 Bd8 23. Nf3 Rc6 24. Kh1 Bb6 25. Qf4 Qa2 26. Ng5 Rc4 27. Qg3
Rxd2 28. Nxf7 Rxe2 29. Nh6+ 1-0

[Event "Rodovremesterskabet Gruppe B 2005"]
[Site "Rodovre"]
[Date "2005.09.27"]
[Round "4"]
[White "Thrane, Jens"]
[Black "Rohder, Bjarne"]
[Result "1-0"]
[WhiteElo "1468"]
[BlackElo "1465"]
[PlyCount "57"]
[EventDate "2005.??.??"]
[SourceDate "2005.09.07"]

1. d4 d5 2. c4 e6 3. Nc3 Nc6 4. Be3 Nf6 5. f3 Bb4 6. Bf2 e5 7. a3 Bxc3+ 8. bxc3
exd4 9. cxd5 Nxd5 10. cxd4 a6 11. e4 Qe7 12. Bc4 Nf4 13. Bf1 Bd7 14. Qd2 Ng6
15. Bc4 Rd8 16. Ne2 Qf6 17. O-O Be6 18. Bxe6 fxe6 19. Qc3 O-O 20. a4 Nh4 21.
Rad1 Qg5 22. Bg3 Qe7 23. Rb1 Rb8 24. Rb3 Ng6 25. Rfb1 e5 26. Rxb7 Qd7 27. Rxb8
Rxb8 28. Rxb8+ Nxb8 29. Qb3+ 1-0

[Event "Rodovremesterskabet Gruppe B 2005"]
[Site "Rodovre"]
[Date "2005.10.04"]
[Round "5"]
[White "Alic, Ohran"]
[Black "Henriksen, Franz"]
[Result "1-0"]
[WhiteElo "1582"]
[BlackElo "1500"]
[PlyCount "201"]
[EventDate "2005.??.??"]
[SourceDate "2005.09.07"]

1. e4 c5 2. Nf3 Nc6 3. Bc4 d6 4. h3 g6 5. c3 Bg7 6. d4 cxd4 7. cxd4 Nf6 8. Nc3
O-O 9. O-O h6 10. e5 Nh7 11. Re1 dxe5 12. dxe5 Qxd1 13. Rxd1 Bxe5 14. Bxh6 Bxc3
15. Bxf8 Bxb2 16. Rab1 Bf6 17. Bh6 e5 18. Bd5 Nd4 19. Nxd4 exd4 20. Bxb7 Bxb7
21. Rxb7 g5 22. Rdb1 Be5 23. Re7 Bf6 24. Rd7 Rc8 25. Rxa7 Be5 26. Rd7 Nf6 27.
Rdb7 Ne4 28. Re7 f6 29. g3 Nd6 30. Bxg5 Nf5 31. Bxf6 Bxf6 32. Re6 Kf7 33. Ra6
d3 34. Rd1 Rd8 35. g4 Nh4 36. Rc6 d2 37. Rc2 Bg5 38. a4 Rd3 39. a5 Nf3+ 40. Kf1
Nd4 41. Rc7+ Ke6 42. a6 Rxh3 43. Kg2 Ra3 44. a7 Nb5 45. Rc5 Kf6 46. Rxb5 Rxa7
47. Rd5 Ra2 48. Kf3 Ra3+ 49. Ke2 Ra4 50. Rf5+ Kg6 51. f3 Rd4 52. Rxg5+ Kxg5 53.
Rxd2 Rb4 54. Ke3 Kh4 55. Rd4 Rb3+ 56. Rd3 Rb4 57. Rd4 Rb3+ 58. Kf4 Rb5 59. Ke4
Kg3 60. Rd5 Rb4+ 61. Rd4 Rb5 62. Rd3 Rb4+ 63. Kf5 Rf4+ 64. Kg5 Ra4 65. Kh5 Ra5+
66. g5 Kf4 67. Kh6 Ra6+ 68. g6 Kf5 69. Rd5+ Kf4 70. Kh7 Kxf3 71. g7 Ra7 72. Kh8
Ra8+ 73. g8=Q Rxg8+ 74. Kxg8 Ke4 75. Ra5 Kd4 76. Kf7 Ke4 77. Ke6 Kd4 78. Re5
Kc4 79. Rd5 Kc3 80. Ke5 Kc4 81. Rd6 Kb4 82. Kd4 Kb3 83. Rb6+ Kc2 84. Kc4 Kd2
85. Rb3 Ke2 86. Rd3 Kf2 87. Kd4 Ke2 88. Ke4 Kf2 89. Re3 Kg2 90. Rf3 Kh2 91. Kf4
Kg2 92. Kg4 Kh2 93. Rf2+ Kg1 94. Ra2 Kf1 95. Kf3 Ke1 96. Ke3 Kd1 97. Rh2 Kc1
98. Kd3 Kb1 99. Kc3 Ka1 100. Kb3 Kb1 101. Rh1# 1-0

[Event "Rodovremesterskabet Gruppe B 2005"]
[Site "Rodovre"]
[Date "2005.10.04"]
[Round "5"]
[White "Hovhannes, Tutundjan"]
[Black "Thrane, Jens"]
[Result "0-1"]
[WhiteElo "1544"]
[BlackElo "1468"]
[PlyCount "124"]
[EventDate "2005.??.??"]
[SourceDate "2005.09.07"]

1. d4 Nf6 2. c4 c5 3. d5 b5 4. b3 d6 5. g3 Nbd7 6. Bg2 bxc4 7. bxc4 Nb6 8. Nd2
Ba6 9. Qc2 g6 10. Bb2 Bg7 11. e4 O-O 12. Ne2 Rb8 13. Rb1 e6 14. O-O Bh6 15. f4
Ng4 16. Qc3 e5 17. h3 Na4 18. Qa3 Nxb2 19. Qxa6 Ne3 20. Rf3 exf4 21. Nxf4 Nxg2
22. Kxg2 Qb6 23. Qa3 Qb4 24. Qxb4 Rxb4 25. Rc3 Bg7 26. Rb3 Nxc4 27. Nxc4 Rxc4
28. Kf3 Re8 29. Re1 Rc3+ 30. Re3 Rxe3+ 31. Kxe3 Be5 32. g4 Re7 33. Rb8+ Kg7 34.
Nd3 Bg3 35. Kf3 Bh4 36. Nb2 Rc7 37. Nc4 Be7 38. a4 a5 39. Rb5 Ra7 40. Rxa5 Rxa5
41. Nxa5 Kf8 42. Nc4 Ke8 43. Kf4 f6 44. h4 Kd7 45. g5 fxg5+ 46. hxg5 Kc7 47. e5
dxe5+ 48. Kxe5 Bxg5 49. Ke6 h5 50. d6+ Kb8 51. Ne5 h4 52. Nxg6 Bd8 53. Ne5 h3
54. Nc6+ Kc8 55. Ne7+ Kb7 56. Nf5 c4 57. Kd7 Ba5 58. Ke8 c3 59. d7 h2 60. Nd6+
Kc6 61. Nc4 Bc7 62. Ne5+ Kd5 0-1

[Event "Rodovremesterskabet Gruppe B 2005"]
[Site "Rodovre"]
[Date "2005.10.04"]
[Round "5"]
[White "Rohder, Bjarne"]
[Black "Helleshoj, Knud Erik"]
[Result "0-1"]
[WhiteElo "1465"]
[BlackElo "1508"]
[PlyCount "90"]
[EventDate "2005.??.??"]
[SourceDate "2005.09.07"]

1. e4 c5 2. Nf3 Nc6 3. Bb5 Nf6 4. Bxc6 bxc6 5. e5 Nd5 6. d4 cxd4 7. Qxd4 Qb6 8.
O-O Qxd4 9. Nxd4 g6 10. Bd2 Bg7 11. Re1 Rb8 12. b3 c5 13. Nf3 Nb4 14. Na3 Bb7
15. Bxb4 cxb4 16. Nc4 Bxf3 17. gxf3 O-O 18. Rad1 Rfd8 19. a3 bxa3 20. Nxa3 Bf8
21. Nc4 Rbc8 22. Kg2 d5 23. exd6 exd6 24. Rd5 Rc5 25. Red1 Rxd5 26. Rxd5 Rc8
27. Kf1 f5 28. Ke2 Kf7 29. Rxd6 Rxc4 30. Rd7+ Ke8 31. Kd3 Rxc2 32. Rxa7 Rxf2
33. Rxh7 Rxf3+ 34. Kc4 g5 35. Kd5 Rxb3 36. Ke6 f4 37. Ra7 Re3+ 38. Kf5 f3 39.
Ra8+ Kf7 40. Ra6 Be7 41. Ra1 f2 42. Rf1 Re2 43. Kg4 Bc5 44. Kf3 Re1 45. Kg2 Kg6
0-1

[Event "Rodovremesterskabet Gruppe B 2005"]
[Site "Rodovre"]
[Date "2005.10.04"]
[Round "5"]
[White "Wisal, Zoran"]
[Black "Hansen, Ernst Mader"]
[Result "0-1"]
[WhiteElo "1513"]
[BlackElo "1508"]
[PlyCount "51"]
[EventDate "2005.??.??"]
[SourceDate "2005.09.07"]

1. e4 d5 2. exd5 Qxd5 3. Nc3 Qa5 4. Nf3 Bg4 5. Be2 Nf6 6. O-O e6 7. a3 c6 8. d3
Bd6 9. h3 Bh5 10. Ne4 Nxe4 11. dxe4 Be7 12. b4 Qc7 13. Bb2 O-O 14. c4 Nd7 15.
Nh2 Bg6 16. Bf3 Rad8 17. Qe2 Ne5 18. Bxe5 Qxe5 19. Ng4 Qg5 20. Rfd1 h5 21. Nh2
Bf6 22. Rab1 b6 23. a4 Bd4 24. Nf1 e5 25. Ng3 Qxg3 26. -- 0-1

[Event "Rodovremesterskabet Gruppe B 2005"]
[Site "Rodovre"]
[Date "2005.10.11"]
[Round "6"]
[White "Helleshoj, Knud Erik"]
[Black "Hovhannes, Tutundjan"]
[Result "0-1"]
[WhiteElo "1508"]
[BlackElo "1544"]
[PlyCount "118"]
[EventDate "2005.??.??"]
[SourceDate "2005.09.07"]

1. e4 c5 2. Nf3 d6 3. d4 cxd4 4. Nxd4 Nf6 5. Nc3 a6 6. Bc4 e6 7. h3 b5 8. Bb3
Bb7 9. f3 Nc6 10. Be3 Na5 11. a3 Nxb3 12. Nxb3 Be7 13. Qd2 O-O 14. O-O-O Rc8
15. Bf4 Rc6 16. Ne2 e5 17. Na5 exf4 18. Nxb7 Qb8 19. Na5 Rb6 20. Nxf4 Rc8 21.
Nd3 h6 22. g4 Qc7 23. h4 Nh7 24. Kb1 Rbb8 25. Nf4 Bd8 26. Nb3 a5 27. Nd5 Qc6
28. f4 Nf6 29. Nxa5 Nxe4 30. Nxc6 Nxd2+ 31. Rxd2 Rxc6 32. Nb4 Rcb6 33. Rhd1
Bxh4 34. Rxd6 Bg3 35. Rd8+ Kh7 36. R8d7 R6b7 37. f5 g6 38. Nc6 Rxd7 39. Rxd7
Rb6 40. Nd4 gxf5 41. Nxf5 Bf4 42. Rxf7+ Kg6 43. Rf8 Kg5 44. Rg8+ Rg6 45. Rxg6+
Kxg6 46. Nd4 Kg5 47. Nxb5 Kxg4 48. c4 h5 49. Nd4 h4 50. b4 h3 51. Ne2 h2 52.
Nxf4 h1=Q+ 53. Kb2 Kxf4 54. c5 Ke5 55. Kb3 Kd5 56. Ka4 Qh8 57. Kb3 Kc6 58. Kc4
Qh4+ 59. Kb3 Qd4 0-1

[Event "Rodovremesterskabet Gruppe B 2005"]
[Site "Rodovre"]
[Date "2005.10.11"]
[Round "6"]
[White "Alic, Ohran"]
[Black "Wisal, Zoran"]
[Result "1/2-1/2"]
[WhiteElo "1582"]
[BlackElo "1513"]
[PlyCount "96"]
[EventDate "2005.??.??"]
[SourceDate "2005.09.07"]

1. e4 e5 2. Nf3 d6 3. Bc4 h6 4. Nc3 Nf6 5. h3 a6 6. a4 Nc6 7. d3 Be7 8. O-O Bd7
9. Re1 Qc8 10. Nh2 Nd4 11. Ne2 c5 12. c3 Nxe2+ 13. Qxe2 Be6 14. Bxe6 Qxe6 15.
f4 exf4 16. Bxf4 O-O 17. d4 cxd4 18. cxd4 Rae8 19. d5 Qd7 20. Ng4 Nxg4 21. hxg4
Bf6 22. Rab1 Bd4+ 23. Kf1 f6 24. Qd3 Be5 25. Bd2 Qxg4 26. Qh3 Qxh3 27. gxh3 f5
28. Kg2 fxe4 29. Rxe4 Rf7 30. Rg4 Kh7 31. Rf1 Ref8 32. Rxf7 Rxf7 33. Bc3 Bxc3
34. bxc3 Kg8 35. Rb4 Kf8 36. Rb6 Rd7 37. Kg3 Kf7 38. Kf4 Kf6 39. c4 h5 40. c5
g5+ 41. Ke4 g4 42. hxg4 hxg4 43. Kf4 g3 44. Kxg3 Ke5 45. c6 bxc6 46. dxc6 Rc7
47. Rxa6 Kd5 48. Kf4 Rxc6 1/2-1/2

[Event "Rodovremesterskabet Gruppe B 2005"]
[Site "Rodovre"]
[Date "2005.10.11"]
[Round "6"]
[White "Henriksen, Franz"]
[Black "Thrane, Jens"]
[Result "0-1"]
[WhiteElo "1500"]
[BlackElo "1468"]
[PlyCount "98"]
[EventDate "2005.??.??"]
[SourceDate "2005.09.07"]

1. e4 c5 2. Nf3 d6 3. d4 cxd4 4. Nxd4 Nc6 5. Bb5 Bd7 6. Bxc6 bxc6 7. O-O g6 8.
b3 c5 9. Nf3 Bg7 10. c3 Nf6 11. Re1 O-O 12. Bb2 Bg4 13. Nbd2 Nd7 14. h3 Be6 15.
Ng5 Ne5 16. Nxe6 fxe6 17. Nf3 Nxf3+ 18. gxf3 Rf4 19. Kg2 Qf8 20. Qd2 Rxf3 21.
Rh1 Qf7 22. Raf1 Rf8 23. Rh2 Be5 24. Rhh1 Qf6 25. h4 Bxc3 26. Bxc3 Rxc3 27. f4
Qd4 28. Qxd4 cxd4 29. Rh3 Rc2+ 30. Rf2 Rxf2+ 31. Kxf2 Rxf4+ 32. Rf3 Rxe4 33.
Kg3 Re2 34. a3 e5 35. Rd3 Kf7 36. Kf3 Rh2 37. Ke4 Ke6 38. Rg3 Rxh4+ 39. Kd3 Kd5
40. b4 a6 41. Rg1 e4+ 42. Kc2 Kc4 43. Kb2 Rh2+ 44. Ka1 d3 45. Rb1 Rc2 46. a4 d2
47. b5 axb5 48. axb5 Rc1 49. b6 Rxb1+ 0-1

[Event "Rodovremesterskabet Gruppe B 2005"]
[Site "Rodovre"]
[Date "2005.10.11"]
[Round "6"]
[White "Hansen, Ernst Mader"]
[Black "Rohder, Bjarne"]
[Result "0-1"]
[WhiteElo "1508"]
[BlackElo "1465"]
[PlyCount "130"]
[EventDate "2005.??.??"]
[SourceDate "2005.09.07"]

1. e4 c5 2. Nf3 e6 3. c4 Nc6 4. d4 cxd4 5. Nxd4 Bc5 6. Nxc6 bxc6 7. Be2 Qh4 8.
O-O Qxe4 9. Nc3 Qe5 10. Bd3 Nf6 11. Re1 Qc7 12. Bg5 Be7 13. Qf3 Bb7 14. Ne4
Nxe4 15. Bxe7 Nxf2 16. Qxf2 Kxe7 17. Qh4+ f6 18. c5 Raf8 19. b4 a5 20. Qg4 g6
21. a3 axb4 22. axb4 Ra8 23. Rab1 Rhg8 24. Qh4 Rg7 25. Qh6 Rag8 26. g3 Qc8 27.
Ra1 Qb8 28. Qd2 Bc8 29. Qb2 Rd8 30. b5 cxb5 31. Bxb5 Bb7 32. Qa2 Qc7 33. Qc4
Bc6 34. Ba6 Ra8 35. Qb4 Rgg8 36. Qh4 Rg7 37. Qh6 Kf8 38. Qd2 Bd5 39. Qc3 Rf7
40. g4 d6 41. Ra5 dxc5 42. Rxc5 Qb6 43. Be2 Rc8 44. Rc1 Qxc5+ 45. Qxc5+ Rxc5
46. Rxc5 f5 47. g5 f4 48. Kf2 Kg7 49. Bd3 h6 50. h4 hxg5 51. hxg5 Rd7 52. Rc3
e5 53. Ra3 e4 54. Bc2 Rc7 55. Bd1 Rb7 56. Ra5 e3+ 57. Ke1 Be4 58. Re5 Bf5 59.
Bf3 Ra7 60. Ke2 Kf8 61. Rd5 Ra2+ 62. Ke1 Rf2 63. Bh1 Bh3 64. Be4 f3 65. Bxg6
Rf1# 0-1

[Event "Rodovremesterskabet Gruppe B 2005"]
[Site "Rodovre"]
[Date "2005.10.25"]
[Round "7"]
[White "Wisal, Zoran"]
[Black "Henriksen, Franz"]
[Result "1-0"]
[WhiteElo "1513"]
[BlackElo "1500"]
[PlyCount "65"]
[EventDate "2005.??.??"]
[SourceDate "2005.09.07"]

1. e4 e5 2. Nf3 Nc6 3. a3 Nf6 4. Nc3 Bc5 5. Be2 d6 6. h3 Be6 7. d3 Qd7 8. Na4
O-O-O 9. Nxc5 dxc5 10. Be3 Nd4 11. Nxe5 Qe7 12. Bxd4 Rxd4 13. Nf3 Rdd8 14. Qc1
Nh5 15. Ng5 g6 16. Nxe6 Qxe6 17. O-O Rhg8 18. Bg4 f5 19. exf5 Qc6 20. fxg6+ Kb8
21. Bxh5 hxg6 22. Bg4 Rd4 23. Bf3 Qd6 24. Be4 Qf6 25. Qe3 Re8 26. Rfe1 Rd5 27.
Qf3 Qxf3 28. Bxf3 Rde5 29. Rxe5 Rxe5 30. Be4 g5 31. c4 b6 32. b4 cxb4 33. axb4
1-0